00877nam a22001937a 4500003000800000005001700008008004100025040002100066082001600087110001900103245016400122260004000286300003200326504011200358650003900470942001200509999001900521952014300540BD-DhUL20180416103451.0180416s2011 nyu||||| |||| 00| 0 eng d aBD-DhULcBD-DhUL a330.95bUNC1 aUnited Nations10aCommittee on economic, social and cultural rights :breport on the forty-fourth and forty-fifth sessions (3-21 May 2010, 1-19 November 2010) /cUnited Nations. aNew York : bUnited Nations, c2011 aiv, 115 p. :bill. ;c30 cm a"Economic and social council, official records, 2011, supplement no. 2" Includes bibliographical references 0aEconomic situations and conditions 2ddccBK c240418d240418 00102ddc406330_950000000000000_UNC708NFIC9365079aDULbDULcUNCd2018-04-16eGifto330.95 UNCpD23566r2018-04-16t1w2018-04-16yBK